5-Letter Geography Challenge Quiz Stats

 Plays Quiz Updated Feb 15, 2016

Score 0/51 Timer 08:00
5 Plays Today
% Correct
Maine
87.5%
Japan
84.6%
China
84.5%
Idaho
84.2%
Texas
82.2%
Spain
81.9%
Italy
81.9%
India
80.4%
Egypt
79.1%
Paris
78.5%
Chile
78.2%
Yemen
74.8%
Ghana
72.9%
Libya
72.3%
Haiti
71.9%
Nepal
71.6%
Kenya
71.3%
Benin
69.5%
Malta
68.2%
Qatar
68.1%
Syria
67.9%
Niger
67.5%
Sudan
67.1%
Tokyo
66.3%
Palau
65.1%
Nauru
64.8%
% Correct
Cairo
64.7%
Tonga
64.3%
Gabon
64.2%
Samoa
61.8%
Boise
61%
Salem
54.2%
Tunis
53%
Quito
51.3%
Dover
51.2%
Accra
48.9%
Seoul
48.3%
Minsk
47.3%
Dakar
46.5%
Rabat
46.3%
Dhaka
46%
Hanoi
46%
Abuja
45.8%
Vaduz
44.8%
Sana'a
43.6%
Amman
43.3%
Sofia
42.7%
La Paz
41.8%
Kabul
39.2%
Praia
36.8%
Yaren
35.9%

You're not logged in!

Compare scores with friends on all Sporcle quizzes.
OR
Log In

Sporcle TV

Today on Sporcle TV


Watch our educational content, quiz creation guides, and fun videos on Sporcle TV.

Show Comments

Extras

Top Quizzes Today


Score Distribution

Your Account Isn't Verified!

In order to create a playlist on Sporcle, you need to verify the email address you used during registration. Go to your Sporcle Settings to finish the process.

Report this User

Report this user for behavior that violates our Community Guidelines.

Details: